| 000 | 00741nam a2200193 a 4500 | ||
|---|---|---|---|
| 001 | 000031414 | ||
| 005 | 20240409073643.0 | ||
| 008 | 110622t1943 dr 001 0bspa d | ||
| 040 |
_aDO-SdBNP _bspa _cBNPHU |
||
| 082 | _aF-RD 58 | ||
| 100 | 1 |
_aNanita, Abelardo R. _945855 |
|
| 245 | 1 | 0 |
_aTrujillo y la postguerra / _cA. R. Nanita. |
| 260 |
_aSantiago, República Dominicana : _bEditorial El Diario, _c1943. |
||
| 300 |
_a65 p. ; _c16 cm. |
||
| 505 | 0 |
_tLa carta del Atlántico y nuestra constitución -- _tEl Plan Beveridge y nuestra constitución -- _tUna paz antillana -- _tLa liga de Naciones Americanas. |
|
| 600 | 1 | 0 |
_aTrujillo Molina, Rafael Leónidas, _d 1891-1961 _976764 |
| 910 | _aValidado. Control de calidad EMS. | ||
| 049 | _aBNPD | ||
| 999 |
_c30906 _d30906 |
||